[Event "DEM U18w 2025"]
[Site "Willingen GER"]
[Date "2025.06.14"]
[Round "9"]
[White "Heuberger, Sandra"]
[Black "Schirmer, Sara"]
[Result "0-1"]
[Termination "normal"]
[Board "13"]
[WhiteElo "1550"]
[BlackElo "1630"]
[WhiteClock "00:09:27"]
[BlackClock "00:28:43"]
[PlyCount "186"]
[WhiteFideId "16232151"]
[BlackFideId "16297580"]
[EventCountry "GER"]
[EventRounds "9"]
[EventType "swiss"]
[EventDate "2025.06.07"]

1. d4 {[%clk 01:30:56]} {[%emt 00:00:03]} d5 {[%clk 01:30:57]} {[%emt
00:00:05]} 2. Bg5 {[%clk 01:30:37]} {[%emt 00:00:48]} c6 {[%clk 01:30:27]}
{[%emt 00:01:01]} 3. e3 {[%clk 01:29:39]} {[%emt 00:01:28]} Qb6 {[%clk
01:29:24]} {[%emt 00:01:33]} 4. Qc1 {[%clk 01:26:28]} {[%emt 00:03:41]} h6
{[%clk 01:25:58]} {[%emt 00:03:56]} 5. Bf4 {[%clk 01:26:08]} {[%emt 00:00:50]}
g5 {[%clk 01:21:47]} {[%emt 00:04:41]} 6. Be5 {[%clk 01:23:54]} {[%emt
00:02:43]} f6 {[%clk 01:20:35]} {[%emt 00:01:43]} 7. Bg3 {[%clk 01:24:12]}
{[%emt 00:00:12]} Bg7 {[%clk 01:20:20]} {[%emt 00:00:45]} 8. Bd3 {[%clk
01:20:58]} {[%emt 00:03:45]} f5 {[%clk 01:18:03]} {[%emt 00:02:46]} 9. Ne2
{[%clk 01:18:21]} {[%emt 00:03:07]} Nf6 {[%clk 01:16:40]} {[%emt 00:01:53]} 10.
f3 {[%clk 01:15:56]} {[%emt 00:02:54]} e6 {[%clk 01:11:23]} {[%emt 00:05:47]}
11. O-O {[%clk 01:15:22]} {[%emt 00:01:05]} Nbd7 {[%clk 01:09:19]} {[%emt
00:02:34]} 12. c4 {[%clk 01:13:46]} {[%emt 00:02:05]} Nf8 {[%clk 01:07:17]}
{[%emt 00:02:32]} 13. Nbc3 {[%clk 01:11:52]} {[%emt 00:02:24]} Ng6 {[%clk
01:06:49]} {[%emt 00:00:58]} 14. cxd5 {[%clk 01:08:21]} {[%emt 00:04:01]} exd5
{[%clk 01:07:08]} {[%emt 00:00:10]} 15. Qc2 {[%clk 01:07:40]} {[%emt 00:01:10]}
Ne7 {[%clk 01:04:37]} {[%emt 00:03:01]} 16. Bd6 {[%clk 01:04:42]} {[%emt
00:03:28]} Qd8 {[%clk 01:01:57]} {[%emt 00:03:09]} 17. Bxe7 {[%clk 01:04:11]}
{[%emt 00:01:02]} Qxe7 {[%clk 01:02:16]} {[%emt 00:00:11]} 18. Rae1 {[%clk
01:01:46]} {[%emt 00:02:54]} O-O {[%clk 01:02:15]} {[%emt 00:00:32]} 19. Ng3
{[%clk 00:59:58]} {[%emt 00:02:17]} Bh8 {[%clk 00:51:09]} {[%emt 00:11:37]} 20.
Nxf5 {[%clk 00:54:42]} {[%emt 00:05:46]} Bxf5 {[%clk 00:51:34]} {[%emt
00:00:06]} 21. Bxf5 {[%clk 00:54:51]} {[%emt 00:00:21]} Rae8 {[%clk 00:51:31]}
{[%emt 00:00:32]} 22. Kh1 {[%clk 00:51:25]} {[%emt 00:03:55]} Bg7 {[%clk
00:51:40]} {[%emt 00:00:21]} 23. e4 {[%clk 00:44:05]} {[%emt 00:07:50]} dxe4
{[%clk 00:51:49]} {[%emt 00:00:22]} 24. fxe4 {[%clk 00:43:41]} {[%emt
00:00:54]} Qd8 {[%clk 00:46:05]} {[%emt 00:06:14]} 25. e5 {[%clk 00:38:31]}
{[%emt 00:05:40]} Nd5 {[%clk 00:41:14]} {[%emt 00:05:20]} 26. Ne4 {[%clk
00:31:41]} {[%emt 00:07:21]} Re7 {[%clk 00:30:16]} {[%emt 00:11:29]} 27. Nc5
{[%clk 00:29:54]} {[%emt 00:02:17]} Kh8 {[%clk 00:29:03]} {[%emt 00:01:43]} 28.
Qb3 {[%clk 00:20:11]} {[%emt 00:10:12]} Nf4 {[%clk 00:27:28]} {[%emt 00:02:05]}
29. Bb1 {[%clk 00:17:37]} {[%emt 00:03:05]} Qxd4 {[%clk 00:26:38]} {[%emt
00:01:20]} 30. Qc2 {[%clk 00:17:26]} {[%emt 00:00:40]} Bxe5 {[%clk 00:25:11]}
{[%emt 00:01:59]} 31. g3 {[%clk 00:16:43]} {[%emt 00:01:12]} Qd5+ {[%clk
00:23:29]} {[%emt 00:02:12]} 32. Ne4 {[%clk 00:15:22]} {[%emt 00:01:51]} Ne6
{[%clk 00:21:37]} {[%emt 00:02:22]} 33. Rxf8+ {[%clk 00:15:16]} {[%emt
00:00:36]} Nxf8 {[%clk 00:21:53]} {[%emt 00:00:13]} 34. Rd1 {[%clk 00:14:59]}
{[%emt 00:00:46]} Qf7 {[%clk 00:21:26]} {[%emt 00:00:57]} 35. Qg2 {[%clk
00:14:28]} {[%emt 00:00:58]} Qg7 {[%clk 00:20:04]} {[%emt 00:01:55]} 36. b3
{[%clk 00:12:43]} {[%emt 00:02:16]} Rd7 {[%clk 00:12:42]} {[%emt 00:07:53]} 37.
Rf1 {[%clk 00:11:51]} {[%emt 00:01:21]} Nh7 {[%clk 00:12:37]} {[%emt 00:00:37]}
38. Nc5 {[%clk 00:10:53]} {[%emt 00:01:26]} Rf7 {[%clk 00:11:32]} {[%emt
00:01:35]} 39. Rd1 {[%clk 00:09:58]} {[%emt 00:01:26]} Nf8 {[%clk 00:07:37]}
{[%emt 00:04:24]} 40. Qe4 {[%clk 00:07:50]} {[%emt 00:02:38]} Re7 {[%clk
00:05:08]} {[%emt 00:02:59]} 41. Re1 {[%clk 00:03:10]} {[%emt 00:05:10]} Bd6
{[%clk 00:04:14]} {[%emt 00:01:25]} 42. Qb4 {[%clk 00:29:23]} {[%emt 00:04:17]}
Rxe1+ {[%clk 00:34:02]} {[%emt 00:00:42]} 43. Qxe1 {[%clk 00:29:47]} {[%emt
00:00:06]} Bxc5 {[%clk 00:34:19]} {[%emt 00:00:13]} 44. Bf5 {[%clk 00:26:35]}
{[%emt 00:03:41]} Qd4 {[%clk 00:32:39]} {[%emt 00:02:10]} 45. Kg2 {[%clk
00:23:11]} {[%emt 00:03:55]} Qe3 {[%clk 00:24:16]} {[%emt 00:08:53]} 46. Qxe3
{[%clk 00:18:02]} {[%emt 00:05:38]} Bxe3 {[%clk 00:24:36]} {[%emt 00:00:11]}
47. Kf3 {[%clk 00:18:25]} {[%emt 00:00:07]} Bd4 {[%clk 00:24:48]} {[%emt
00:00:17]} 48. Kg4 {[%clk 00:17:41]} {[%emt 00:01:14]} Kg7 {[%clk 00:25:10]}
{[%emt 00:00:08]} 49. Kh5 {[%clk 00:14:31]} {[%emt 00:03:40]} Nh7 {[%clk
00:25:25]} {[%emt 00:00:16]} 50. Kg4 {[%clk 00:14:18]} {[%emt 00:00:42]} Nf6+
{[%clk 00:25:10]} {[%emt 00:00:45]} 51. Kf3 {[%clk 00:14:27]} {[%emt 00:00:21]}
Nd5 {[%clk 00:24:23]} {[%emt 00:01:17]} 52. g4 {[%clk 00:12:58]} {[%emt
00:01:59]} Kf6 {[%clk 00:24:45]} {[%emt 00:00:09]} 53. Ke4 {[%clk 00:12:29]}
{[%emt 00:00:56]} Be5 {[%clk 00:24:31]} {[%emt 00:00:45]} 54. h3 {[%clk
00:11:26]} {[%emt 00:01:34]} Nc3+ {[%clk 00:24:53]} {[%emt 00:00:09]} 55. Kd3
{[%clk 00:11:38]} {[%emt 00:00:17]} Nxa2 {[%clk 00:25:15]} {[%emt 00:00:09]}
56. Kc4 {[%clk 00:11:42]} {[%emt 00:00:24]} Nc3 {[%clk 00:25:10]} {[%emt
00:00:37]} 57. Kb4 {[%clk 00:11:06]} {[%emt 00:01:07]} Ke7 {[%clk 00:24:29]}
{[%emt 00:01:10]} 58. Kc5 {[%clk 00:10:57]} {[%emt 00:00:39]} Kd8 {[%clk
00:24:06]} {[%emt 00:00:55]} 59. Kc4 {[%clk 00:09:53]} {[%emt 00:01:33]} Nd5
{[%clk 00:22:57]} {[%emt 00:01:39]} 60. Be4 {[%clk 00:08:45]} {[%emt 00:01:38]}
Nf4 {[%clk 00:22:43]} {[%emt 00:00:45]} 61. Bf5 {[%clk 00:07:22]} {[%emt
00:01:53]} Nxh3 {[%clk 00:22:48]} {[%emt 00:00:24]} 62. Kc5 {[%clk 00:06:53]}
{[%emt 00:01:00]} Kc7 {[%clk 00:23:00]} {[%emt 00:00:18]} 63. Kc4 {[%clk
00:06:51]} {[%emt 00:00:32]} Nf4 {[%clk 00:23:19]} {[%emt 00:00:11]} 64. Kc5
{[%clk 00:06:29]} {[%emt 00:00:52]} b6+ {[%clk 00:23:39]} {[%emt 00:00:11]} 65.
Kb4 {[%clk 00:06:45]} {[%emt 00:00:13]} a6 {[%clk 00:23:50]} {[%emt 00:00:19]}
66. Ka3 {[%clk 00:06:11]} {[%emt 00:01:03]} Bd6+ {[%clk 00:23:30]} {[%emt
00:00:50]} 67. Ka4 {[%clk 00:05:28]} {[%emt 00:01:14]} a5 {[%clk 00:23:47]}
{[%emt 00:00:13]} 68. Be4 {[%clk 00:05:41]} {[%emt 00:00:15]} Bb4 {[%clk
00:23:49]} {[%emt 00:00:30]} 69. Bxc6 {[%clk 00:05:32]} {[%emt 00:00:39]} Bc5
{[%clk 00:23:18]} {[%emt 00:00:57]} 70. Be4 {[%clk 00:04:42]} {[%emt 00:01:23]}
Ne2 {[%clk 00:23:12]} {[%emt 00:00:35]} 71. b4 {[%clk 00:04:02]} {[%emt
00:01:12]} Nc3+ {[%clk 00:23:33]} {[%emt 00:00:07]} 72. Kb3 {[%clk 00:04:21]}
{[%emt 00:00:12]} Nxe4 {[%clk 00:23:55]} {[%emt 00:00:07]} 73. bxc5 {[%clk
00:04:43]} {[%emt 00:00:09]} Nxc5+ {[%clk 00:24:00]} {[%emt 00:00:26]} 74. Kc4
{[%clk 00:04:32]} {[%emt 00:00:42]} Kd6 {[%clk 00:24:13]} {[%emt 00:00:14]} 75.
Kd4 {[%clk 00:04:34]} {[%emt 00:00:28]} a4 {[%clk 00:24:35]} {[%emt 00:00:09]}
76. Kc3 {[%clk 00:04:45]} {[%emt 00:00:19]} Ke5 {[%clk 00:24:46]} {[%emt
00:00:21]} 77. Kb4 {[%clk 00:04:39]} {[%emt 00:00:35]} Kf4 {[%clk 00:25:00]}
{[%emt 00:00:16]} 78. Ka3 {[%clk 00:04:44]} {[%emt 00:00:22]} Kxg4 {[%clk
00:25:23]} {[%emt 00:00:07]} 79. Kb4 {[%clk 00:05:04]} {[%emt 00:00:11]} h5
{[%clk 00:25:42]} {[%emt 00:00:11]} 80. Ka3 {[%clk 00:05:28]} {[%emt 00:00:05]}
h4 {[%clk 00:25:59]} {[%emt 00:00:14]} 81. Kb4 {[%clk 00:05:50]} {[%emt
00:00:08]} h3 {[%clk 00:26:18]} {[%emt 00:00:13]} 82. Kb5 {[%clk 00:06:14]}
{[%emt 00:00:05]} h2 {[%clk 00:26:40]} {[%emt 00:00:07]} 83. Kxb6 {[%clk
00:06:38]} {[%emt 00:00:07]} h1=Q {[%emt 00:00:14]} 84. Kxc5 {[%emt 00:00:07]}
Qb1 {[%clk 00:26:20]} {[%emt 00:00:28]} 85. Kc4 {[%clk 00:06:57]} {[%emt
00:00:11]} a3 {[%clk 00:26:41]} {[%emt 00:00:11]} 86. Kd5 {[%clk 00:07:19]}
{[%emt 00:00:05]} a2 {[%clk 00:26:40]} {[%emt 00:00:08]} 87. Kd6 {[%clk
00:07:40]} {[%emt 00:00:35]} a1=R {[%clk 00:26:42]} {[%emt 00:00:16]} 88. Kd5
{[%clk 00:08:06]} {[%emt 00:00:15]} Qb4 {[%clk 00:26:56]} {[%emt 00:00:16]} 89.
Ke5 {[%clk 00:08:08]} {[%emt 00:00:28]} Ra5+ {[%clk 00:27:15]} {[%emt
00:00:11]} 90. Ke6 {[%clk 00:08:30]} {[%emt 00:00:08]} Qb6+ {[%clk 00:27:39]}
{[%emt 00:00:08]} 91. Kd7 {[%clk 00:08:52]} {[%emt 00:00:05]} Ra7+ {[%clk
00:27:55]} {[%emt 00:00:16]} 92. Kc8 {[%clk 00:09:05]} {[%emt 00:00:16]} Qb7+
{[%clk 00:28:18]} {[%emt 00:00:08]} 93. Kd8 {[%clk 00:09:27]} {[%emt 00:00:08]}
Qd7# {[%clk 00:28:43]} {[%emt 00:00:05]} 0-1